Normal view
MARC view
Entry Personal Name
001 - CONTROL NUMBER
- control field: 34288
003 - CONTROL NUMBER IDENTIFIER
- control field: ARRUPE
005 - DATE AND TIME OF LATEST TRANSACTION
- control field: 20170802075733.0
008 - FIXED-LENGTH DATA ELEMENTS
- fixed length control field: 170802|| aca||aabn | a|a d
040 ## - CATALOGING SOURCE
- Original cataloging agency: ARRUPE
- Transcribing agency: ARRUPE
100 ## - HEADING--PERSONAL NAME
- Personal name: William James
670 ## - SOURCE DATA FOUND
- Source citation: Work cat.: (ARRUPE)27645: James, William 29089, Pragmatism and the meaning of truth, 1978